000 00638cam a22001935a 4500
001 L154850
008 120124s1932 xxk f 000 0 eng d
035 _a(Sirsi) u154850
041 0 _aeng
050 0 4 _a526.98 $2 18
100 1 _aWinterbotham, H. St. J. L.
245 0 0 _aAbstracts of secondary lines
_bre-levelling of London, commenced January 1931
260 _aSouthampton
_bOrdnance Survey
_c1932
300 _a51p.
_c31cm.
520 _aContains the lines of secondary levelling carried out in connection with the re-levelling of London on the Newlyn Datum.
651 4 _aLondon
690 _aMeasurement
_96256
942 _n0
999 _c113196
_d113196